Guess the WWE Superstar by their Finisher - Statistics

General Stats
  • This quiz has been taken 57 times
  • The average score is 29 of 67
Answer Stats
Hint Answer % Correct
RKO Randy Orton
87%
Phenomenal Forearm AJ Styles
85%
Uso Splash Jimmy Uso
76%
Cross Rhodes Cody Rhodes
74%
619 Rey Mysterio
74%
Spear Jey Uso
72%
End of Days Baron Corbin
70%
K.O.D Bianca Belair
70%
GTS CM Punk
70%
Coup De Grace Finn Balor
70%
Stunner Kevin Owens
70%
Trouble in Paradise Kofi Kingston
67%
Riptide Rhea Ripley
67%
Curbstomp Seth Rollins
67%
Claymore Drew McIntyre
65%
ObLIVion Liv Morgan
65%
Helluva Kick Sami Zayn
65%
Samoan Spike Solo Sikoa
65%
Skull Crushing Finale The Miz
65%
A-Town Down Austin Theory
63%
South of Heaven Damian Priest
61%
Brogue Kick Sheamus
59%
Rose Plant Bayley
57%
Tsunami Bronson Reed
57%
Kai-ropractor Dakota Kai
57%
BFT LA Knight
57%
Caterpillar Otis
57%
Little Jimmy R-Truth
57%
Kinsasha Shinsuke Nakamura
54%
Jaded Jade Cargill
48%
InSane Elbow Kairi Sane
48%
Trick Shot Trick Williams
48%
Backstabber Carlito
46%
Ankle Lock Chad gable
46%
Rear View Naomi
46%
Nothing But Net Carmelo Hayes
43%
Sharpshooter Natalya
43%
The Annihilator Nia Jax
43%
Brutus Ball Brutus Creed
41%
Pop Rocks Roxanne Perez
41%
I'm Prettier Chelsea Green
37%
Sister Abigail Bo Dalllas
35%
Egos Edge Ethan Page
33%
Kana Lock Asuka
30%
Devlin Side JD McDonagh
30%
From the Heavens Montez Ford
28%
The Message Andrade
24%
Z-360 Zoey Stark
24%
Golden Ratio Axiom
22%
Code Red Zelina Vega
22%
Diving Senton Akira Tozawa
20%
Diamond Chain Lock Ivy Nile
17%
H-Bomb Ilja Dragunov
15%
Protect Ya Neck Michin
15%
Pop-up Kneeling Powerbomb Oba Femi
15%
Double Handed Chokeslam Omos
15%
The Chariot Apollo Crews
13%
One Final Beat Johnny Gargano
13%
Glorious Buster Giulia
11%
Arm Trap STF Charlie Dempsey
7%
Japanese Ocean Cyclone Suplex Maxxine Dupri
7%
Slingshot Rocket Kick Indi Hartwell
4%
Hipnotic Jaida Parker
4%
One of a Kind Moonsault Kelani Jordan
4%
Redeemer Ridge Holland
4%
Buenas Noches Lola Vice
2%
Sleeper Hold Wendy Choo
2%
No matching quizzes found
Score Distribution
Percent of People with Each Score
Percentile by Number Answered
Your Score History
You have not taken this quiz